000 00503nam a2200205Ia 4500
003 LK-CoDNM
008 010623t1922 xxu||||| |||| 00| 1 eng d
040 _aLK-CoDNM
_dLK-CoDNM
_eLK-CoDNM
041 _aeng
080 _aT 5/T 4
245 _aThe Times of Ceylon,Christmas number,1922
260 _bTimes of Ceylon
_aColombo
_c1922
300 _bx,94p,ill,pl,maps., 30 cm
650 _aCaste
650 _aColombo
650 _aFairy Tales
650 _aJaffna
650 _aVedda
942 _cBK
999 _c91122
_d91122